| 000 | 00574nam a2200193 4500 | ||
|---|---|---|---|
| 001 | 122983 | ||
| 003 | ES-MaACL | ||
| 007 | t| | ||
| 008 | 070214s1974 sp r ||||0| spa d | ||
| 100 | 1 |
_aPushkin, V. N. _994428 |
|
| 245 | 1 | 0 |
_aPsicología y cibernética / _cV. N. Pushkin ; traducción de Victoriano Imbert. |
| 260 |
_aBarcelona : _bPlaneta, _c1974. |
||
| 300 |
_a255 p : _bil ; _c22 cm. |
||
| 490 | 1 | _aEnsayos planeta | |
| 700 | 1 |
_aImbert, Victoriano. _965215 |
|
| 830 | 0 |
_aEnsayos planeta _9186696 |
|
| 852 |
_aES-MaACL _jE-6313 _bR.90378 |
||
| 999 |
_c122983 _d122983 |
||